Statistics for Spanish Versions of Songs

Click here to take the quiz!

General Stats

  • This quiz has been taken 45 times
    (39 since last reset)
  • The average score is 4 of 13

Answer Stats

HintAnswer% Correct
El León Duerme Esta NocheThe Lion Sleeps Tonight--The Tokens
75%
Waka Waka (Esto es África)Waka Waka (This Time For Africa)--Shakira
72%
¿Qué Dice el Zorro?What Does the Fox Say?--Ylvis
47%
Genio AtrapadoGenie in a Bottle--Christina Aguilera
44%
LobaShe Wolf--Shakira
41%
El Ciclo Sin FinThe Circle of Life--Tim Rice
34%
VerásYou'll See--Madonna
22%
No Me Acuerdo de OlvidarteCan't Remember to Forget You--Shakira
13%
Baby, Te Quiero a TiBaby, I Love Your Way--Big Mountain
3%
Ven a BailarOn The Floor--Jlo
3%
DímeloI Need to Know--Marc Anthony
0%
IrreemplezableIrreplaceable--Beyonce
0%
Más Que AmorWe Are Love--Il Volo
0%

Score Distribution

Percentile by Number Answered

Percent of People with Each Score

Your Score History

You have not taken this quiz since the last reset